000 01291 a2200217 4500
001 47488
005 20260407155742.0
008 260407a1992 arg spa d
003 AR-UNSa-BCEJYS
040 _aAR-UNSa-BCEJYS
_bspa
_cAR-UNSa-BCEJYS
080 _a94(82)
_xHistoria de Argentina
245 1 0 _aEl noroeste y la argentina contemporánea (1853-1992)
020 _a9520-21-076-5
264 1 _aBuenos Aires :
_bPlus Ultra
_c1992
300 _a477 p.
_c23 cm.
505 _a1. El tiempo largo - 2. Constitución y revolución - 3. Pavón y el orden liberal - 4. La guerra del Paraguay y las relaciones federales - 5. Organización del sistema educativo argentino - 6. El estado nación - 7. Las situaciones provinciales - 8. Antes y después del ferrocarril - 9. Las colectividades extranjeras - 10. De la oligarquía a la democracia - 11. Las provincias pobres. Proyectos e iniciativas para su reactivación - 12. Del golpe de estado al proyecto nacional y popular - 13. Poder militar y democracia condicionada - 14. Los años trágicos - 15. La nueva aurora democrática.
942 _cBK
590 _aniveau_biblio:m niveau_hierar:0
100 1 _aBazán, Armando Raúl
856 4 1 _uhttps://www.biblioeco.unsa.edu.ar/pmb/images/libros/L127529.jpg
_yImagen de portada
_qimage/jpeg
999 _c4385
_d4385